000 00666nam a2200217Ia 4500
005 20241129111136.0
008 241129s9999||||xx |||||||||||||| ||und||
020 _a978-0-367-64727-8
037 _aTB
040 _aCRL
_beng
_cCRL
041 _aeng
_2eng
084 _aUf.C R3
_qCRL
100 _aTalbert Richard Ed.; Holman Lindsay Ed.; Salway Benet Ed.
_9723458
245 0 _aAtlas of classical history
_cTalbert Richard Ed.; Holman Lindsay Ed.; Salway Benet Ed.
260 _aLondon, UK
_bRoutledge
_c2023
300 _axi,250p.
365 _aUKP
_b36.99
650 _aGeographyTravel
_9726204
942 _cTB
_hUf.C R3
999 _c1229120
_d1229120